00539nam a2200181 i 450000100060000000300090000600500170001500700030003200800410003502000180007604000220009408000350011624500590015126000430021030000220025360000490027585200330032466522ES-MaACL20250826132455.0t|030415s2002 sp ||||0| spa d a84-206-4144-8 aM-BN bspa cM-BN a929 Marías, Julián (082.2)03aUn siglo de España b: homenaje a Julián Marías. aMadrid : bAlianza Editorial, c[2002] a404 p. ; c24 cm.14aMarías, Julián, d1914-2005- vHomenajes aES-MaACLjL-27010 bR.132735